000 00627nam a2200181 a 4500
001 000022690
005 20200930021736.0
008 101115s1971 mx c r 001 0 spa d
040 _aDO-SdBNP
_bspa
_cBNPHU
082 _axxxx
_bJ48n
100 1 _aJelliffe, Derrick B.
_946657
245 1 0 _aNutrición infantil en paises en desarrollo /
_cDerrick B. Jelliffe ; traducción Antonio Bosch Tejeda.
260 _aMéxico, D. F. :
_bCentro Regional de Ayuda Técnico,
_c1971.
300 _avii, 263 p. :
_bretrs. ;
_c22 cm.
500 _aIncluye índice alfabético.
700 1 _aBosch Tejeda, Antonio,
_etr.
_946658
049 _aBNGR
999 _c22187
_d22187